Diritti fondamentali: un dibattito teorico
Saved in:
| Main Author: | |
|---|---|
| Format: | Book |
| Language: | Italian |
| Published: |
Bari
Editori Laterza
2008
|
| Edition: | 3a. ed |
| Series: | Libri del Tempo Laterza, 319
|
| Subjects: | |
| Tags: |
Add Tag
No Tags, Be the first to tag this record!
|
MARC
| LEADER | 00000cam a2200000 a 4500 | ||
|---|---|---|---|
| 001 | UCD7801 | ||
| 003 | CL-VaPUC | ||
| 008 | 170407e20080000it |||||||||||||||||ita|d | ||
| 020 | |a 9788842063537 | ||
| 082 | 0 | 4 | |a 340.01 |b FER |2 21 |
| 100 | |a Ferrajoli, Luigi |e autor |9 522506 | ||
| 245 | 1 | 0 | |a Diritti fondamentali: un dibattito teorico |
| 250 | |a 3a. ed | ||
| 300 | |a 369 p | ||
| 942 | |c BK | ||
| 945 | |d 20170407 16:56:00 |a arojas | ||
| 260 | |a Bari |b Editori Laterza |c 2008 | ||
| 650 | 0 | |a Derechos fundamentales |9 254841 | |
| 650 | 0 | |a Teoría del derecho |9 255982 | |
| 650 | 0 | |a Derecho positivo |9 255911 | |
| 650 | 0 | |a Filosofía del derecho |9 255050 | |
| 583 | |a last modification |c 20170407 16:56:00 |k Rodrigo Vera | ||
| 490 | 0 | |a Libri del Tempo Laterza, 319 | |
| 999 | |c 367707 |d 367705 | ||
| 952 | |0 0 |1 0 |3 erb |4 0 |6 340_010000000000000_FER_2008 |7 0 |8 A |9 482726 |a BIBDER |b BIBDER |i 5371406 |o 340.01 FER 2008 |p 5371406 |r 2023-01-25 |w 2019-11-24 |y BK |z Catalogado en:20170407 |k DER | ||